Sports Quiz

Random Sports or NBA Quiz
Score 0/150 Timer 11:00
0 Plays Today
team Answer % Correct
MiamiLebron James
95.4%
MiamiDwyane Wade
92.3%
LA ClippersChris Paul
89.7%
MiamiChris Bosh
89.2%
LA ClippersBlake Griffin
88%
ChicagoDerrick Rose
87.2%
HoustonDwight Howard
85.3%
New YorkCarmelo Anthony
84.9%
IndianaDavid West
84.3%
LA LakersPau Gasol
83.9%
BrooklynPaul Pierce
83.9%
MemphisMarc Gasol
83.8%
Oklahoma CityKevin Durant
83.7%
BrooklynDeron Williams
83.7%
BrooklynKevin Garnett
83.5%
IndianaPaul George
83.5%
LA LakersShawne Williams
83.4%
WashingtonJohn Wall
81.9%
BrooklynJoe Johnson
81.6%
TorontoAmir Johnson
81.3%
ChicagoJoakim Noah
81.1%
ClevelandKyrie Irving
80.8%
HoustonJames Harden
80.8%
San AntonioTim Duncan
80.3%
San AntonioTony Parker
79.9%
DetroitJosh Smith
79.6%
New OrleansJason Smith
79.4%
Golden StateStephen Curry
79.1%
LA ClippersDeandre Jordan
79%
DallasDirk Nowitzki
78.6%
MiamiMario Chalmers
77.7%
New OrleansAnthony Davis
77.3%
BrooklynBrook Lopez
77.2%
PortlandRobin Lopez
77%
Golden StateKlay Thompson
76.9%
ClevelandTristan Thompson
76.8%
MinnesotaKevin Love
76.6%
IndianaRoy Hibbert
74.5%
BostonJeff Green
73.2%
San AntonioDanny Green
73.2%
LA LakersSteve Nash
71.9%
ChicagoCarlos Boozer
71.5%
IndianaGeorge Hill
70.1%
ChicagoLuol Deng
69.1%
New YorkTyson Chandler
68.7%
MinnesotaRicky Rubio
68.3%
ChicagoJimmy Butler
68.2%
MilwaukeeCaron Butler
67.8%
MiamiUdonis Haslem
66.7%
SacramentoDemarcus Cousins
65.7%
team Answer % Correct
Oklahoma CitySerge Ibaka
64.9%
MemphisZach Randolph
63.9%
DenverAnthony Randolph
63.7%
PortlandDamian Lillard
63.6%
AtlantaAl Horford
63.5%
PortlandLamarcus Aldridge
63.1%
WashingtonBradley Beal
63%
Golden StateDavid Lee
63%
OrlandoJameer Nelson
62.8%
CharlotteKemba Walker
62.6%
TorontoRudy Gay
61.7%
San AntonioKawhi Leonard
61.6%
Golden StateAndrew Bogut
61.5%
MemphisTony Allen
61.1%
TorontoDeMar DeRozan
60.4%
MemphisMike Conley
59.5%
Oklahoma CityKendrick Perkins
59.1%
Oklahoma CityReggie Jackson
58.7%
DetroitAndre Drummond
57.7%
AtlantaJeff Teague
57.6%
CharlotteAl Jefferson
57.5%
UtahRichard Jefferson
57.3%
WashingtonNene Hilario
56.6%
LA LakersNick Young
56.3%
PhiladelphiaThaddeus Young
56.2%
IndianaLance Stephenson
55.9%
New OrleansJrue Holiday
55%
PhiladelphiaMichael Carter-Williams
55%
DallasMonta Ellis
55%
New YorkRaymond Felton
54.9%
TorontoKyle Lowry
54.5%
HoustonChandler Parsons
54.4%
Golden StateAndre Iguodala
54.3%
New OrleansEric Gordon
53.9%
DetroitGreg Monroe
53.9%
LA ClippersJ.J. Redick
53.2%
AtlantaPaul Millsap
51.9%
DenverTy Lawson
50.4%
San AntonioTiago Splitter
50.1%
PhoenixEric Bledsoe
47.7%
ClevelandAnderson Varejao
47.5%
ClevelandDion Waiters
47.4%
PhoenixGoran Dragic
47.2%
PortlandNicolas Batum
47%
UtahGordon Hayward
46.9%
MinnesotaKevin Martin
46.3%
BostonAvery Bradley
46.1%
OrlandoNic Vucevic
46%
AtlantaKyle Korver
45.9%
PhiladelphiaJames Anderson
44.7%
team Answer % Correct
PhiladelphiaEvan Turner
44.1%
WashingtonTrevor Ariza
43%
DallasShawn Marion
43%
MinnesotaNikola Pekovic
42.7%
BostonGerald Wallace
42%
MilwaukeeBrandon Knight
41.7%
New YorkIman Shumpert
41.6%
HoustonPatrick Beverley
40.9%
PortlandWesley Matthews
40.8%
DallasJose Calderon
40.2%
MilwaukeeO.J. Mayo
39.3%
DetroitWill Bynum
39.2%
MemphisTayshaun Prince
39%
UtahDerrick Favors
39%
HoustonOmer Asik
38.7%
OrlandoArron Afflalo
38.6%
PhiladelphiaSpencer Hawes
38.5%
Oklahoma CityThabo Sefolosha
38.1%
CharlotteMichael Kidd-Gilchrist
37.9%
MilwaukeeLarry Sanders
36.2%
LA ClippersJared Dudley
35%
UtahEnes Kanter
34.9%
DetroitChauncey Billups
33.3%
DenverJaVale McGee
33.1%
TorontoJonas Valanciunas
32.5%
CharlotteGerald Henderson
32.2%
BostonBrandon Bass
31.4%
LA LakersSteve Blake
30.1%
DallasSamuel Dalembert
27.2%
MinnesotaCorey Brewer
26.6%
OrlandoMaurice Harkless
24.4%
SacramentoGreivis Vasquez
22.5%
PhoenixMiles Plumlee
21.8%
New YorkPablo Prigioni
20.9%
PhoenixChanning Frye
20.5%
New OrleansAl-Farouq Aminu
20.3%
AtlantaDemarre Carroll
20.2%
WashingtonTrevor Booker
19.7%
ClevelandEarl Clark
17.7%
SacramentoMarcus Thornton
17.1%
DenverJ.J. Hickson
16.5%
PhoenixP.J. Tucker
15.6%
CharlotteJosh McRoberts
15.5%
DenverRandy Foye
15.4%
SacramentoJohn Salmons
14.9%
SacramentoPatrick Patterson
14.4%
BostonVitor Faverani
11.7%
MilwaukeeKhris Middleton
11%
OrlandoJason Maxiell
10.5%
UtahJohn Lucas III
8.6%

You're not logged in!

Compare scores with friends on all Sporcle quizzes.
OR
Log In

Sporcle TV

Today on Sporcle TV


Watch our educational content, quiz creation guides, and fun videos on Sporcle TV.

Show Comments

Extras

Top Quizzes Today


Score Distribution

Paid Content

Your Account Isn't Verified!

In order to create a playlist on Sporcle, you need to verify the email address you used during registration. Go to your Sporcle Settings to finish the process.

Report this User

Report this user for behavior that violates our Community Guidelines.

Details: